000 00300nam a2200121Ia 4500
005 20260326100044.0
008 260326s9999||||xx |||||||||||||| ||und||
100 _aBode, Paul
245 0 _aKinos :
_b Filmtheater und filmvorfuhraume /
_cPaul Bode
260 _bCallwey
650 _aTEATROS
942 _cBK
999 _c7128
_d7128